1259 1636 1162 1392 1703 1673 1751 1503 1602 1478 1933 1580 1398 1025 1367 1202 1607 1330 1640 1112 1723 1197 1090 1282 1636 1323 1553 1115 1172 1728 1127 1166 1770 1504 1218 1752 1402 1414 1649 1184 1455 1853 1410 1959 1109 1121 1617 1972 1784 1796 1092 1943 1497 1988 1052 1429 1680 1517 1249 1672 1162 1596 1081 1166 1043 1868 1510 1631 1167 1151 1791 1728 1863 1560 1720 1471 1025 1662 1636 1972 1790 1816 1649 1306 1065 1035 1038 1326 1007 1012 1117 1609 1551 1248 1098 1866 1059 1188 1129 BCNSPRNW ULIB Ver.6.0+V

เปลี่ยนเป็นภาษาไทย

Change to English
 แสดงรายละเอียดบรรณานุกรม
  กลับหน้าหลัก

Brief Record : Get Marc (ISO 2709) : E-mail record : QR code < ปิดหน้าต่าง
LEADER : 00000nam 2200000uu 4500
001    13399127233
003     ULIB
008    200302s2562||||th 000 0 tha d
020    ^a9786168212189
060 04 ^aWY100^bอ498ก 2562
245 00 ^aการพยาบาลพื้นฐาน :^bปฏิบัติการพยาบาล = Fundamentals of nursing : nursing practice /^cอัจฉรา พุ่มดวง บรรณาธิการ
246 31 ^aFundamentals of nursing : nursing practice
250    ^aพิมพ์ครั้งที่ 5
260    ^aกรุงเทพฯ :^bภาควิชาการพยาบาลพื้นฐานวิทยาลัยพยาบาลสภากาชาดไทย,^c2562
300    ^aก-ฐ, 404 หน้า :^bภาพประกอบ ;^c30 ซม.
650  7 ^aการพยาบาล
650  7 ^aการพยาบาล, การบริการ
650  7 ^aผู้ป่วย, การดูแล
700 0  ^aอัจฉรา พุ่มดวง
710 2  ^aวิทยาลัยพยาบาลสภากาชาดไทย. ^bภาควิชาการพยาบาลพื้นฐาน
945    ^p350^l0^i27903
945    ^p350^l0^i27904
945    ^p350^l0^i27905
945    ^p350^l0^i27906
945    ^p350^l0^i27907
945    ^p350^l0^i27908
945    ^p350^l0^i27909
945    ^p350^l0^i27910
945    ^p350^l0^i27911
945    ^p350^l0^i27912
995    ^aกัณชพร
999    ^aกัณชพร
รายการนี้ยังไม่มีแท็ก
คุณยังไม่ได้ล็อกอิน คุณสามารถมีกิจกรรมร่วมกับเว็บไซต์ได้ แต่ต้องล็อกอินก่อน ::
  ล็อกอิน

รายการสื่อสารสนเทศ

ลำดับที่ ประเภท เลขเรียก/บาร์โค้ด สถานที่ สถานะ
1. หนังสือสำรอง
หนังสือสำรอง
WY100 อ498ก 2562 ฉ.1 
  Barcode: 27903
ห้องสมุดวิทยาเขตนครสวรรค์
►หนังสือทั่วไป:l:General Books
บนชั้น
2. วิทยาศาสตร์การแพทย์ และสุขภาพ
วิทยาศาสตร์การแพทย์ และสุขภาพ
WY100 อ498ก 2562 ฉ.10 
  Barcode: 27912
ห้องสมุดวิทยาเขตนครสวรรค์
►หนังสือทั่วไป:l:General Books
บนชั้น
3. วิทยาศาสตร์การแพทย์ และสุขภาพ
วิทยาศาสตร์การแพทย์ และสุขภาพ
WY100 อ498ก 2562 ฉ.2 
  Barcode: 27904
ห้องสมุดวิทยาเขตนครสวรรค์
►หนังสือทั่วไป:l:General Books
บนชั้น
4. วิทยาศาสตร์การแพทย์ และสุขภาพ
วิทยาศาสตร์การแพทย์ และสุขภาพ
WY100 อ498ก 2562 ฉ.3 
  Barcode: 27905
ห้องสมุดวิทยาเขตนครสวรรค์
►หนังสือทั่วไป:l:General Books
บนชั้น
5. วิทยาศาสตร์การแพทย์ และสุขภาพ
วิทยาศาสตร์การแพทย์ และสุขภาพ
WY100 อ498ก 2562 ฉ.4 
  Barcode: 27906
ห้องสมุดวิทยาเขตนครสวรรค์
►หนังสือทั่วไป:l:General Books
บนชั้น
6. วิทยาศาสตร์การแพทย์ และสุขภาพ
วิทยาศาสตร์การแพทย์ และสุขภาพ
WY100 อ498ก 2562 ฉ.5 
  Barcode: 27907
ห้องสมุดวิทยาเขตนครสวรรค์
►หนังสือทั่วไป:l:General Books
บนชั้น
7. วิทยาศาสตร์การแพทย์ และสุขภาพ
วิทยาศาสตร์การแพทย์ และสุขภาพ
WY100 อ498ก 2562 ฉ.6 
  Barcode: 27908
ห้องสมุดวิทยาเขตนครสวรรค์
►หนังสือทั่วไป:l:General Books
ถูกยืม กำหนดส่งวันที่ 17 กันยายน 2568
  จอง
8. วิทยาศาสตร์การแพทย์ และสุขภาพ
วิทยาศาสตร์การแพทย์ และสุขภาพ
WY100 อ498ก 2562 ฉ.7 
  Barcode: 27909
ห้องสมุดวิทยาเขตนครสวรรค์
►หนังสือทั่วไป:l:General Books
บนชั้น
9. วิทยาศาสตร์การแพทย์ และสุขภาพ
วิทยาศาสตร์การแพทย์ และสุขภาพ
WY100 อ498ก 2562 ฉ.8 
  Barcode: 27910
ห้องสมุดวิทยาเขตนครสวรรค์
►หนังสือทั่วไป:l:General Books
บนชั้น
10. วิทยาศาสตร์การแพทย์ และสุขภาพ
วิทยาศาสตร์การแพทย์ และสุขภาพ
WY100 อ498ก 2562 ฉ.9 
  Barcode: 27911
ห้องสมุดวิทยาเขตนครสวรรค์
►หนังสือทั่วไป:l:General Books
บนชั้น

รายการใกล้เคียง
    หัวเรื่อง [การพยาบาล]
    หัวเรื่อง [การพยาบาล, การบริการ]
    หัวเรื่อง [ผู้ป่วย, การดูแล]

BibComment


ยังไม่เคยถูกคอมเมนท์

คอมเมนท์ทรัพยากรรายการนี้
  คอมเมนท์: การพยาบาลพื้นฐาน..


 Copyright 2026. Bcnsprnw @Library